THE MIRACLES OF CHRIST (Record no. 6284)
[ view plain ]
| 000 -LEADER | |
|---|---|
| fixed length control field | 00506nam a22001573n 4500 |
| 001 - CONTROL NUMBER | |
| control field | FRBNF315058990000008 |
| 003 - CONTROL NUMBER IDENTIFIER | |
| control field | http://catalogue.bnf.fr/ark:/12148/cb31505899p |
| 005 - DATE AND TIME OF LATEST TRANSACTION | |
| control field | 20250604173810.0 |
| 008 - FIXED-LENGTH DATA ELEMENTS--GENERAL INFORMATION | |
| fixed length control field | 250604b |||||||| |||| 00| 0 eng d |
| 050 ## - LIBRARY OF CONGRESS CALL NUMBER | |
| Classification number | BT 366 |
| Item number | ROB |
| 100 ## - MAIN ENTRY--PERSONAL NAME | |
| Personal name | ROBERTS, ORAL |
| 245 ## - TITLE STATEMENT | |
| Title | THE MIRACLES OF CHRIST |
| Remainder of title | and what they mean to you for ALL your needs in the now |
| Statement of responsibility, etc. | ORAL ROBERTS |
| 260 ## - PUBLICATION, DISTRIBUTION, ETC. | |
| Place of publication, distribution, etc. | OKLAHOMA |
| Name of publisher, distributor, etc. | PINOAK PUBLICATIONS |
| Date of publication, distribution, etc. | c1975 |
| 300 ## - PHYSICAL DESCRIPTION | |
| Extent | 190p.; |
| Other physical details | illus |
| 942 ## - ADDED ENTRY ELEMENTS (KOHA) | |
| Source of classification or shelving scheme | Library of Congress Classification |
| Koha item type | Books |
| Suppress in OPAC | No |
| 999 ## - | |
| -- | 6284 |
| -- | 6284 |
| Withdrawn status | Lost status | Source of classification or shelving scheme | Damaged status | Not for loan | Collection | Home library | Current library | Shelving location | Date acquired | Total checkouts | Full call number | Barcode | Date last seen | Copy number | Price effective from | Koha item type |
|---|---|---|---|---|---|---|---|---|---|---|---|---|---|---|---|---|
| Library of Congress Classification | Non-fiction | Undergraduate Library (Christ Temple) | Undergraduate Library (Christ Temple) | General stacks | 06/04/2025 | BT 366 ROB | ulct00003021 | 06/04/2025 | 1 | 06/04/2025 | Books |